Wait, skates! / (Record no. 477)

MARC details
000 -LEADER
fixed length control field 01007pam a2200301 a 4500
001 - CONTROL NUMBER
control field 477
003 - CONTROL NUMBER IDENTIFIER
control field FISKH
005 - DATE AND TIME OF LATEST TRANSACTION
control field 20230426130623.0
008 - FIXED-LENGTH DATA ELEMENTS--GENERAL INFORMATION
fixed length control field 821123s1983 ilua j 000 1 eng
010 ## - LIBRARY OF CONGRESS CONTROL NUMBER
LC control number 82022228
020 ## - INTERNATIONAL STANDARD BOOK NUMBER
International Standard Book Number 0516020390 (lib. bdg.)
040 ## - CATALOGING SOURCE
Original cataloging agency DLC
Transcribing agency DLC
Modifying agency DLC
042 ## - AUTHENTICATION CODE
Authentication code lcac
050 00 - LIBRARY OF CONGRESS CALL NUMBER
Classification number PZ7.J63416
Item number Wai 1983
082 00 - DEWEY DECIMAL CLASSIFICATION NUMBER
Classification number 160
Edition number 19
100 1# - MAIN ENTRY--PERSONAL NAME
Personal name Johnson, Mildred D.
Fuller form of name (Mildred Dawes)
245 10 - TITLE STATEMENT
Title Wait, skates! /
Statement of responsibility, etc. by Mildred D. Johnson ; illustrations by Tom Dunnington ; prepared under the direction of Robert Hillerich.
260 ## - PUBLICATION, DISTRIBUTION, ETC.
Place of publication, distribution, etc. Chicago :
Name of publisher, distributor, etc. Childrens Press,
Date of publication, distribution, etc. c1983.
300 ## - PHYSICAL DESCRIPTION
Extent 31 pages :
Other physical details color illustrations :
Dimensions 19 cm.
440 #2 - SERIES STATEMENT/ADDED ENTRY--TITLE
Title A Rookie reader
520 ## - SUMMARY, ETC.
Summary, etc. A child putting on roller skates for the first time finally teaches them to wait.
521 8# - TARGET AUDIENCE NOTE
Target audience note 180 <br/>
Source Lexile
521 8# - TARGET AUDIENCE NOTE
Target audience note B <br/>
Source Raz-Plus
650 #1 - SUBJECT ADDED ENTRY--TOPICAL TERM
Topical term or geographic name entry element Roller skating
General subdivision Fiction.
700 1# - ADDED ENTRY--PERSONAL NAME
Personal name Dunnington, Tom,
Relator term ill.
906 ## - LOCAL DATA ELEMENT F, LDF (RLIN)
a 7
b cbc
c orignew
d 1
e ocip
f 19
g y-gencatlg
942 ## - ADDED ENTRY ELEMENTS (KOHA)
Source of classification or shelving scheme Dewey Decimal Classification
Koha item type Books
Suppress in OPAC No
Holdings
Withdrawn status Lost status Source of classification or shelving scheme Damaged status Not for loan Collection Home library Current library Shelving location Date acquired Total Checkouts Full call number Barcode Date last seen Date last checked out Price effective from Koha item type
    Dewey Decimal Classification     Juvenile Fiction Footprints International School Library Network Toul Kork Campus Footprints International School Library Network Toul Kork Campus TK Primary Library Room(4th Floor), Bookcase 7, Shelves 57-60, Dark Green Books 04/26/2023 1 JOH 160 PZ7.J63416 FISTK03244 09/07/2023 08/31/2023 04/26/2023 Books